| 000 | 00542cam a2200157K 4500 | ||
|---|---|---|---|
| 082 |
_a627 _bBOX |
||
| 100 | 1 |
_aBox, Thomas. _943907 |
|
| 245 | 1 | 0 |
_aPractical hydraulics _bA series of rules and tables for the use of engineers, etc., etc. _cBy Thomas Box ... |
| 250 | _a5th ed. | ||
| 260 |
_aLondon, _aNew York, _bE. & F.N. Spon, _c1879. |
||
| 526 |
_a0 _b0 _c0 _d627_000000000000000_BOX |
||
| 650 | 0 |
_aHydraulics _xTables. _943908 |
|
| 650 | 0 |
_aMCE _9379 |
|
| 856 | 4 | 0 | _uhttp://catalog.hathitrust.org/api/volumes/oclc/67898610.html |
| 942 |
_2ddc _cBK |
||
| 999 |
_c547784 _d547784 |
||